Catálogo público

Rendimiento y calidad del aceite de semilla de Argemone Pleiacantha Green para la producción de biodiesel (Record no. 110331)

MARC details
000 -CABECERA
campo de control de longitud fija 01291nam a2200325 a 4500
001 - NÚMERO DE CONTROL
campo de control 000113870
003 - IDENTIFICADOR DEL NÚMERO DE CONTROL
campo de control CHAP
005 - FECHA Y HORA DE LA ÚLTIMA TRANSACCIÓN
campo de control 20220329144417.0
008 - DATOS DE LONGITUD FIJA--INFORMACIÓN GENERAL
campo de control de longitud fija 171003s2017 mx sm |||||||spa d
010 ## - NÚMERO DE CONTROL DE LA BIBLIOTECA DEL CONGRESO
Número de control de LC 110331
011 ## - ENLACE DEL NUMERO DE CONTROL DE LA BIBLIOTECA DEL CONGRESO [OBSOLETO]
Número de control de LC 111303
040 ## - FUENTE DE LA CATALOGACIÓN
Centro/agencia transcriptor CHAP
090 ## - LOCALMENTE ASIGNADO TIPO-LC NÚMERO DE CLASIFICACIÓN (OCLC); NÚMERO DE CLASIFICACIÓN LOCAL (RLIN)
Número de clasificación (OCLC) (R) ; Numero de clasificación, CALL (RLIN) (NR) Tesis
100 1# - ENTRADA PRINCIPAL--NOMBRE DE PERSONA
Nombre de persona Villarreal Ornelas, Elena del Carmen
9 (RLIN) 133595
245 10 - MENCIÓN DE TÍTULO
Título Rendimiento y calidad del aceite de semilla de Argemone Pleiacantha Green para la producción de biodiesel
Medio [En línea]
Mención de responsabilidad, etc. Elena del Carmen Villarreal Ornelas.
260 ## - PUBLICACIÓN, DISTRIBUCIÓN, ETC.
Lugar de publicación, distribución, etc. Chapingo, Méx. :
Nombre del editor, distribuidor, etc. El autor,
Fecha de publicación, distribución, etc. 2017.
500 ## - NOTA GENERAL
Nota general Para ver el contenido del material haga clic en la liga
502 ## - NOTA DE TESIS
Nota de tesis Tesis (M. C. en Recursos Naturales y Medio Ambiente) -- UACH. Unidad Reginal Universitaria de Zonas Áridas
590 ## - NOTA LOCAL (RLIN)
Nota local BATCH-UPD
Procedencia (VM) [OBSOLETO] 05
Condición del los carretes individuales (VM) [OBSOLETO] 20171003
-- UCH01
-- 1018
590 ## - NOTA LOCAL (RLIN)
Nota local E6337LMJ
Procedencia (VM) [OBSOLETO] 05
Condición del los carretes individuales (VM) [OBSOLETO] 20171003
-- UCH01
-- 1018
590 ## - NOTA LOCAL (RLIN)
Nota local E6337LMJ
Procedencia (VM) [OBSOLETO] 05
Condición del los carretes individuales (VM) [OBSOLETO] 20171003
-- UCH01
-- 1018
650 14 - PUNTO DE ACCESO ADICIONAL DE MATERIA--TÉRMINO DE MATERIA
Término de materia o nombre geográfico como elemento de entrada Aceites vegetales como combustible.
9 (RLIN) 464
650 14 - PUNTO DE ACCESO ADICIONAL DE MATERIA--TÉRMINO DE MATERIA
Término de materia o nombre geográfico como elemento de entrada Argemone pleiacantha
Subdivisión general Fisiología y morfología.
9 (RLIN) 133597
650 14 - PUNTO DE ACCESO ADICIONAL DE MATERIA--TÉRMINO DE MATERIA
Término de materia o nombre geográfico como elemento de entrada Biocombustibles
Subdivisión general Producción.
9 (RLIN) 129610
650 14 - PUNTO DE ACCESO ADICIONAL DE MATERIA--TÉRMINO DE MATERIA
Término de materia o nombre geográfico como elemento de entrada Semillas oleaginosas
Subdivisión general Germinación.
9 (RLIN) 133596
856 ## - LOCALIZACIÓN Y ACCESO ELECTRÓNICOS
Nombre del host Finding aid
Identificador Uniforme del Recurso <a href="http://10.13.5.2/tesis/sist113870.pdf">http://10.13.5.2/tesis/sist113870.pdf</a>
Nota pública Teclea aquí
901 ## - ELEMENTOS DE DATOS A LOCAL LDA (RLIN)
a BK
942 ## - ELEMENTOS DE PUNTO DE ACCESO ADICIONAL (KOHA)
Tipo de ítem Koha Tesis
942 ## - ELEMENTOS DE PUNTO DE ACCESO ADICIONAL (KOHA)
Suprimir en OPAC 0
Holdings
Estado de retiro Estado de pérdida Estado dañado Restricciones de uso No para préstamo Código de colección Localización permanente Ubicación/localización actual Fecha de adquisición Información codificada de la localización en otra ubicación Total de préstamos Signatura topográfica completa Código de barras Fecha visto por última vez Precio válido a partir de Tipo de ítem Koha Nota pública Fuente del sistema de clasificación o colocación Ubicación en estantería Número de copia
      Préstamo interno2 Excluido de préstamo Tesis Biblioteca Central Biblioteca Central 03/10/2017 TESIS   Tesis 113872-10 31/12/2019 31/12/2019 Tesis Recien adquirido      
      Préstamo 3 días   Tesis Biblioteca Central Biblioteca Central 03/10/2017 TESIS   Tesis 113872-20 31/12/2019 31/12/2019 Tesis   Clasificación Universidad Autónoma de Chapingo Planta alta - Área de Tesis - Tesis c.2